Studies on the structure, origin and biological significance of urinary neuraminyl-oligosaccharides /

Bibliographic Details
Main Author: Maury, Peter, 1946-
Format: Book
Language:English
Published: Helsinki : Societas scientiarum Fennica, 1972.
Series:Commentationes biologicae ; 51.
Subjects:

MARC

Tag First Indicator Second Indicator Subfields
LEADER 00000cam a2200000 a 4500
001 in00000073062
005 20151008060029.0
008 820420s1972 fi a b 00010 engm
010 |a  82463180  
015 |a Fi*** 
020 |a 9516530052 
035 |a (OCoLC)08431179 
035 |9 AAJ5001AM 
040 |a DLC  |c DLC  |d m.c.  |d TXA  |d UtOrBLW 
049 |a TXAM  |c [unacc.] 
050 0 0 |a Q60  |b .F553 vol. 51  |a RB53 
082 0 |a 574 s  |a 616.07/566  |2 19 
100 1 |a Maury, Peter,  |d 1946- 
245 1 0 |a Studies on the structure, origin and biological significance of urinary neuraminyl-oligosaccharides /  |c Peter Maury. 
264 1 |a Helsinki :  |b Societas scientiarum Fennica,  |c 1972. 
300 |a 30 pages :  |b illustrations ;  |c 25 cm. 
336 |a text  |b txt  |2 rdacontent 
337 |a unmediated  |b n  |2 rdamedia 
338 |a volume  |b nc  |2 rdacarrier 
490 1 |a Commentationes biologicae ;  |v 51 
504 |a Bibliography: pages 27-30. 
650 0 |a Urine  |x Analysis. 
650 0 |a Oligosaccharides  |x Analysis. 
830 0 |a Commentationes biologicae ;  |v 51. 
999 |a MARS 
999 f f |s 6e4584b5-20b3-354d-809a-bdcc5e75fc2f  |i 9d3886ba-9325-3ed6-8b78-99964a74d2a2  |t 0 
952 f f |p ric  |a Texas A&M University  |b Rellis Campus  |c Joint Library Facility  |d Remote Storage  |t 0  |e Q60 .F553 vol.51  |h Library of Congress classification  |i unmediated -- volume  |m A14806198028 
998 f f |a Q60 .F553 vol.51  |t 0  |l Remote Storage